| 000 | 00930nam1a22002531i 4500 | ||
|---|---|---|---|
| 001 | v19\rc\1512140 | ||
| 005 | 20240726013725.0 | ||
| 035 | _a(NLR Aleph) 004636698 | ||
| 090 |
_a3239399 _c3239399 |
||
| 100 | _a20060620d1884 |||y0rusy50 ca | ||
| 101 | 0 | _arus | |
| 102 | _aRU | ||
| 105 | _a z ||||| | ||
| 200 | 1 |
_aДоклад Ревизионного комитета, избранного общим собранием акционеров 23 июля 1883 г. очередному общему собранию г.г. акционеров 1884 года _eВып. 1-2 _fО-во Ряз.-Козлов. ж. д. |
|
| 210 |
_aМосква _d1884 |
||
| 215 |
_a2 т. _d31 |
||
| 710 | 0 | 2 | _aРязанско-Козловская ж. д. |
| 801 | 0 |
_aRU _bNLR _gpsbo |
|
| 801 | 0 |
_aRU _bRuMoRGB _2psbo |
|
| 801 | 1 |
_aRU _bProSoft-M _2rusmarc |
|
| 852 |
_aNLR _j18.224.1.55 |
||
| 899 |
_aRuMoRGB _jA 149/86 |
||
| 899 | _aНБ МГУ | ||
| 942 | _cBOOK | ||